000 00443nam a2200109Ia 4500
008 160909s9999 xx 000 0 und d
100 _aKreidle, Ann.
245 _aDescriptive case study of the University of Pennsylvania partnership with the Penn Alexander School: Understanding success and its factors
260 _bUniversity of Pennsylvania
_c2016
650 _aEDUC/SPED
856 _uhttp://pqdtopen.proquest.com/doc/1802533910.html?FMT=ABS
999 _c305066
_d305066